NPB プロ野球で名前を登録名にした選手 - Statistics

General Stats
  • This quiz has been taken 598 times
  • The average score is 16 of 28
Answer Stats
ニックネーム チーム 選手名 % Correct
イチロー オリックス 鈴木一朗
94%
銀仁朗 西武 炭谷銀仁朗
86%
雄星 西武 菊池雄星
86%
駿太 オリックス 後藤駿太
81%
大勢 読売 翁田大勢
78%
龍空 中日 土田龍空
78%
TSUYOSHI ロッテ 西岡剛
76%
銀次 楽天 赤見内銀次
73%
大和 阪神~DeNA 前田大和
70%
カツノリ ヤクルト~阪神、楽天 野村克則
69%
由規 ヤクルト~楽天 佐藤由規
65%
パンチ オリックス 佐藤和弘
62%
サブロー ロッテ 大村三郎
62%
雄平 ヤクルト 高井雄平
60%
カズミ ダイエー 斉藤和巳
54%
俊介 阪神 藤川俊介
53%
ユウイチ ヤクルト 松元ユウイチ
51%
雄太 中日 川井進
48%
秀太 阪神 田中秀太
46%
鉄平 楽天~オリックス 土谷鉄平
46%
英智 中日 蔵本(説田)英智
43%
憲史 楽天 川口憲史
41%
愛斗 西武~ロッテ 武田愛斗
32%
竜太郎 オリックス 辻竜太郎
28%
一輝 オリックス~横浜・DeNA 嶋村一輝
28%
テル 中日 久慈照嘉
22%
ユウキ 近鉄~オリックス~ヤクルト 田中祐貴
15%
ミツグ ダイエー 斉藤貢
14%
No matching quizzes found
Score Distribution
Percent of People with Each Score
Percentile by Number Answered
Your Score History
You have not taken this quiz